[Event "3eme Open International de La Fere"]
[Site "La Fere (FRA)"]
[Date "2004.??.??"]
[Round "3.26"]
[White "Gozzoli, Cyrille"]
[Black "Cappon, Aldo"]
[Result "1-0"]
[WhiteElo "2087"]
[BlackElo "1830"]
[PlyCount "55"]
[EventDate "2004.??.??"]

1. d4 d5 2. Nf3 Nf6 3. Bf4 Bf5 4. e3 Nbd7 5. Be2 e6 6. O-O c5 7. c3 c4 8. Nbd2
b5 9. Ne5 Qb6 10. Bf3 Rc8 11. Re1 Bd6 12. a4 a6 13. axb5 axb5 14. g4 Bg6 15. g5
Ng8 16. Nxd7 Kxd7 17. Bxd6 Kxd6 18. e4 Ne7 19. exd5 Nxd5 20. Qe2 Kc6 21. b3 Bd3
22. Qe5 Rhg8 23. bxc4 bxc4 24. Ra4 Qb5 25. Rb4 Qa6 26. Bxd5+ exd5 27. Qe7 Rge8
28. Qc5+ 1-0

[Event "3eme Open International de La Fere"]
[Site "La Fere (FRA)"]
[Date "2004.??.??"]
[Round "3.27"]
[White "Cardon, Pierre"]
[Black "Maupoint, Sebastien"]
[Result "0-1"]
[WhiteElo "1820"]
[BlackElo "2082"]
[PlyCount "50"]
[EventDate "2004.??.??"]

1. d4 g6 2. c4 Bg7 3. Nc3 Nf6 4. Bf4 O-O 5. Nf3 d6 6. e3 Nbd7 7. Qc2 c5 8. Be2
Re8 9. Rd1 Qa5 10. O-O h6 11. h3 a6 12. Nd2 Qb6 13. Nb3 Qc7 14. Bf3 cxd4 15.
exd4 e5 16. Be3 Qxc4 17. dxe5 dxe5 18. Be2 Qh4 19. Rd6 Nf8 20. Nd2 e4 21. f3
Bxh3 22. Ndxe4 Nxe4 23. Nxe4 Bf5 24. Bd3 Bxe4 25. fxe4 Be5 0-1

[Event "3eme Open International de La Fere"]
[Site "La Fere (FRA)"]
[Date "2004.??.??"]
[Round "3.28"]
[White "Vinsot, Robin-Gael"]
[Black "Quiniou, Jean"]
[Result "1-0"]
[WhiteElo "2078"]
[BlackElo "1830"]
[PlyCount "49"]
[EventDate "2004.??.??"]

1. Nf3 Nf6 2. c4 g6 3. Nc3 Bg7 4. d4 d5 5. Qb3 dxc4 6. Qxc4 O-O 7. e4 c6 8. h3
Na6 9. Be2 Be6 10. Qa4 Nc7 11. Be3 a6 12. O-O Nb5 13. Qc2 Rc8 14. Rfd1 Qc7 15.
Rac1 Nxc3 16. bxc3 Rfd8 17. c4 Qa5 18. Ng5 Bd7 19. e5 Bf5 20. Bd3 Bxd3 21. Rxd3
Ne8 22. e6 fxe6 23. Nxe6 Rd6 24. Nc5 b6 25. Bd2 1-0

[Event "3eme Open International de La Fere"]
[Site "La Fere (FRA)"]
[Date "2004.??.??"]
[Round "3.29"]
[White "Pillot, Antoine"]
[Black "Trouville, Remi"]
[Result "1/2-1/2"]
[WhiteElo "1790"]
[BlackElo "2063"]
[PlyCount "159"]
[EventDate "2004.??.??"]

1. e4 c5 2. Nc3 e6 3. g3 g6 4. Bg2 Bg7 5. f4 Ne7 6. Nf3 Nbc6 7. d3 Rb8 8. Be3
d6 9. O-O O-O 10. Rb1 b5 11. Qd2 Qa5 12. d4 cxd4 13. Nxd4 Rd8 14. Nb3 Qc7 15.
Ne2 Bb7 16. c3 a6 17. g4 f5 18. Nbd4 Qd7 19. Nxc6 Bxc6 20. Nd4 Bxe4 21. Bxe4
fxe4 22. Qg2 e5 23. fxe5 dxe5 24. Nb3 Nd5 25. Bg5 Nf4 26. Bxf4 exf4 27. Rxf4 e3
28. Re4 Re8 29. Re1 Rxe4 30. Qxe4 Re8 31. Qg2 Rf8 32. Qe2 Bh6 33. Rf1 Bf4 34.
Nd4 Qd6 35. h3 g5 36. Rf3 Qd5 37. a3 Qe4 38. Kg2 Be5 39. Nf5 Bf4 40. Nd4 Rd8
41. Kf1 Qb1+ 42. Kg2 Qc1 43. Rf1 Qd2 44. Kf3 Rf8 45. Ke4 Re8+ 46. Kf3 Rd8 47.
Rd1 Qxe2+ 48. Kxe2 Kf7 49. b3 Rd5 50. Rd3 Kf6 51. Nf5 Ke5 52. Rxd5+ Kxd5 53.
Nxe3+ Ke4 54. Nf5 h5 55. c4 bxc4 56. bxc4 Be5 57. c5 hxg4 58. hxg4 Kd5 59. Kd3
Kxc5 60. Ne3 Bb2 61. Nc4 Bc1 62. Kc3 Bf4 63. Kd3 Kb5 64. Kc3 Ka4 65. Kb2 Bc7
66. Kc2 Bd8 67. Kb2 Be7 68. Ka2 Bf6 69. Nb6+ Kb5 70. Nd7 Bd4 71. Kb3 Bf2 72.
a4+ Kc6 73. Nb8+ Kb7 74. Nd7 Kc7 75. Ne5 Kb6 76. Kc4 Ka5 77. Kb3 Kb6 78. Kc4
Bg3 79. Nf3 Bf4 80. Nd4 1/2-1/2

[Event "3eme Open International de La Fere"]
[Site "La Fere (FRA)"]
[Date "2004.??.??"]
[Round "3.30"]
[White "Croenne, Olivier"]
[Black "Castle, Kenneth"]
[Result "1/2-1/2"]
[WhiteElo "2055"]
[BlackElo "1810"]
[PlyCount "68"]
[EventDate "2004.??.??"]

1. Nf3 c5 2. c4 Nc6 3. g3 g6 4. Bg2 Bg7 5. O-O e6 6. Nc3 Nge7 7. d3 O-O 8. Rb1
d6 9. Bg5 h6 10. Bd2 Rb8 11. a3 a5 12. Ne1 d5 13. Nc2 dxc4 14. dxc4 Bd7 15. Qc1
Kh7 16. Rd1 Qc8 17. Nb5 b6 18. Bc3 Ne5 19. Nd6 Qc7 20. f4 N5c6 21. Bxg7 Kxg7
22. e4 e5 23. fxe5 Nxe5 24. Ne3 Kg8 25. Nb5 Bxb5 26. cxb5 Rfd8 27. Nd5 Nxd5 28.
exd5 h5 29. Qf4 Qd6 30. Rd2 Kg7 31. Re1 f6 32. Bh3 g5 33. Qf5 Re8 34. Re4 Rb7
1/2-1/2

[Event "3eme Open International de La Fere"]
[Site "La Fere (FRA)"]
[Date "2004.??.??"]
[Round "3.31"]
[White "Bielka, Samuel"]
[Black "Ricord, Lucas"]
[Result "1/2-1/2"]
[WhiteElo "2054"]
[BlackElo "1800"]
[PlyCount "68"]
[EventDate "2004.??.??"]

1. d4 d5 2. c4 c6 3. Nc3 Nf6 4. cxd5 cxd5 5. Bf4 Nc6 6. e3 Bf5 7. Qb3 Qb6 8.
Bb5 e6 9. Nf3 Be7 10. Ne5 Rc8 11. O-O O-O 12. Bxc6 bxc6 13. Qxb6 axb6 14. Na4
Bd8 15. Rac1 b5 16. Nc5 Be7 17. f3 Nh5 18. Bg3 Nxg3 19. hxg3 f6 20. Ned3 Bd6
21. g4 Bxd3 22. Nxd3 e5 23. Kf2 e4 24. Nc5 f5 25. gxf5 Rxf5 26. f4 g5 27. g3
gxf4 28. gxf4 Bxc5 29. Rxc5 Rh5 30. Rg1+ Kf7 31. Rg2 h6 32. a3 Rh1 33. Rg1 Rh2+
34. Rg2 Rh1 1/2-1/2

[Event "3eme Open International de La Fere"]
[Site "La Fere (FRA)"]
[Date "2004.??.??"]
[Round "3.32"]
[White "Dubois, Vincent"]
[Black "Delorme, Laurie"]
[Result "0-1"]
[WhiteElo "1690"]
[BlackElo "2037"]
[PlyCount "32"]
[EventDate "2004.??.??"]

1. e4 c5 2. c3 Nf6 3. e5 Nd5 4. d4 cxd4 5. Nf3 Nc6 6. Bc4 Nb6 7. Bb3 g6 8. cxd4
Bg7 9. Nc3 O-O 10. Bf4 d6 11. Qd2 Bg4 12. exd6 Bxf3 13. gxf3 Nxd4 14. Qe3 e5
15. Bg3 Nc4 16. O-O-O Nxe3 0-1

[Event "3eme Open International de La Fere"]
[Site "La Fere (FRA)"]
[Date "2004.??.??"]
[Round "3.33"]
[White "Labarthe, Arnaud"]
[Black "Darras, Michel"]
[Result "1-0"]
[WhiteElo "2028"]
[BlackElo "1790"]
[PlyCount "29"]
[EventDate "2004.??.??"]

1. d4 d5 2. c4 e6 3. Nc3 Nf6 4. cxd5 exd5 5. Bg5 c6 6. Qc2 g6 7. e3 Bf5 8. Qb3
Bc8 9. Bd3 Bg7 10. Nge2 Qb6 11. Bxf6 Bxf6 12. Qc2 Na6 13. a3 Nc7 14. Na4 Qa5+
15. b4 1-0

[Event "3eme Open International de La Fere"]
[Site "La Fere (FRA)"]
[Date "2004.??.??"]
[Round "3.34"]
[White "Benoit, Sebastien"]
[Black "Dumortier, Thierry"]
[Result "1/2-1/2"]
[WhiteElo "1660"]
[BlackElo "2019"]
[PlyCount "58"]
[EventDate "2004.??.??"]

1. e4 Nf6 2. e5 Nd5 3. d4 d6 4. Nf3 Bg4 5. Be2 Nc6 6. c4 Nb6 7. b3 g6 8. Be3
Bg7 9. Nbd2 dxe5 10. Nxe5 Bxe2 11. Nxc6 Bxd1 12. Nxd8 Rxd8 13. Rxd1 Bxd4 14.
Bxd4 Rxd4 15. O-O O-O 16. Nf3 Rxd1 17. Rxd1 c5 18. Ne5 f6 19. Nd7 Rc8 20. Nxb6
axb6 21. Rd7 Kf7 22. Rxb7 Rc6 23. Rd7 Ke6 24. Rd2 Kf5 25. f3 Rd6 26. Rxd6 exd6
27. Kf2 Ke5 28. Ke3 d5 29. cxd5 Kxd5 1/2-1/2

[Event "3eme Open International de La Fere"]
[Site "La Fere (FRA)"]
[Date "2004.??.??"]
[Round "3.35"]
[White "Gobeaut, Claudine"]
[Black "Joie, Sebastien"]
[Result "0-1"]
[WhiteElo "1520"]
[BlackElo "2000"]
[PlyCount "38"]
[EventDate "2004.??.??"]

1. d4 d6 2. Nf3 Bg4 3. Qd3 Nd7 4. e4 g6 5. Be2 Bg7 6. c4 c5 7. Be3 Qb6 8. Nc3
Bxf3 9. Bxf3 cxd4 10. Nd5 Ne5 11. Qe2 Qxb2 12. Bxd4 Qxd4 13. O-O Rc8 14. Ne3
Nf6 15. Rfd1 Nxf3+ 16. gxf3 Qc5 17. Rab1 Qc6 18. Rdc1 O-O 19. Ng4 Nd7 0-1

[Event "3eme Open International de La Fere"]
[Site "La Fere (FRA)"]
[Date "2004.??.??"]
[Round "3.36"]
[White "Demeestere, Laurent"]
[Black "Deneuville, Ludovic"]
[Result "0-1"]
[WhiteElo "1954"]
[BlackElo "1780"]
[PlyCount "92"]
[EventDate "2004.??.??"]

1. e4 e6 2. d4 d5 3. Nc3 Bb4 4. Nge2 Ne7 5. a3 Bxc3+ 6. Nxc3 b6 7. Be2 Bb7 8.
Bf3 Nd7 9. Be3 a6 10. Qd2 Nf6 11. exd5 Nfxd5 12. Ne2 Rb8 13. c4 Nxe3 14. fxe3
Bxf3 15. gxf3 c5 16. Ng3 h5 17. b4 cxd4 18. exd4 h4 19. Ne4 b5 20. c5 Nf5 21.
O-O-O Qd5 22. Qc3 Rd8 23. Rd2 Ke7 24. Rhd1 Rd7 25. Kb2 Rhd8 26. c6 Rc7 27. Qc5+
Qxc5 28. dxc5 Rxd2+ 29. Nxd2 Rxc6 30. Nb3 Rc7 31. Nd4 Nxd4 32. Rxd4 g5 33. Rd6
Ra7 34. Kc3 f6 35. Kd4 Rd7 36. Rxd7+ Kxd7 37. Ke4 Kc6 38. Kd4 h3 39. Ke4 a5 40.
Kd4 axb4 41. axb4 f5 42. Ke3 e5 43. Kf2 e4 44. f4 g4 45. Kf1 e3 46. Ke2 g3 0-1

[Event "3eme Open International de La Fere"]
[Site "La Fere (FRA)"]
[Date "2004.??.??"]
[Round "3.37"]
[White "Pytel, Bozena"]
[Black "Vinckier, Julien"]
[Result "1-0"]
[WhiteElo "2023"]
[BlackElo "1600"]
[PlyCount "107"]
[EventDate "2004.??.??"]

1. Nf3 d5 2. d4 Nc6 3. c3 Nf6 4. Nbd2 Bf5 5. e3 a6 6. Qb3 Rb8 7. Qa4 Bd7 8. Qc2
Bg4 9. h3 Bxf3 10. Nxf3 e6 11. Bd3 Bd6 12. O-O h6 13. a3 Qe7 14. c4 dxc4 15.
Bxc4 Qd7 16. Bd2 O-O 17. Rac1 Rfc8 18. Rfd1 Nd8 19. Ba2 c5 20. dxc5 Rxc5 21.
Bc3 Qc7 22. Qd3 Nd5 23. Bd2 Rc8 24. Rxc5 Qxc5 25. Bb1 g6 26. e4 Nf4 27. Qf1 Rc6
28. Bxf4 Bxf4 29. Rxd8+ Kg7 30. Rd1 Qc1 31. Rxc1 Rxc1 32. Qxc1 Bxc1 33. b3 Bxa3
34. Kf1 Bc5 35. Ke2 f6 36. Nd2 b5 37. Nf1 e5 38. Ne3 Bxe3 39. Kxe3 Kf7 40. b4
Kg7 41. Ba2 Kf8 42. Bd5 Ke7 43. Bb7 a5 44. bxa5 Kd7 45. a6 Kc7 46. Kd3 Kb6 47.
Kc3 f5 48. f3 fxe4 49. fxe4 g5 50. Kb4 h5 51. Bc8 h4 52. a7 Kxa7 53. Kxb5 Kb8
54. Bf5 1-0

[Event "3eme Open International de La Fere"]
[Site "La Fere (FRA)"]
[Date "2004.??.??"]
[Round "3.38"]
[White "Aine, Olivier"]
[Black "Waquet, Frederic"]
[Result "1/2-1/2"]
[WhiteElo "1770"]
[BlackElo "2055"]
[PlyCount "49"]
[EventDate "2004.??.??"]

1. e4 e6 2. d4 d5 3. exd5 exd5 4. Nf3 Bd6 5. Bd3 Bg4 6. c3 Ne7 7. O-O Qd7 8.
Be3 Nbc6 9. Nbd2 f5 10. Bg5 O-O-O 11. Qc2 Rdf8 12. h3 Bh5 13. b4 h6 14. Bxe7
Nxe7 15. Rfe1 Ng6 16. Ne5 Bxe5 17. dxe5 Qe6 18. Nb3 Nh4 19. Nd4 Qg6 20. f4 Nf3+
21. Nxf3 Bxf3 22. Qf2 Be4 23. Bxe4 fxe4 24. Qxa7 Qc6 25. Qe3 1/2-1/2

[Event "3eme Open International de La Fere"]
[Site "La Fere (FRA)"]
[Date "2004.??.??"]
[Round "3.40"]
[White "Barnier, Christophe"]
[Black "Brobecker, Alain"]
[Result "1-0"]
[WhiteElo "2008"]
[BlackElo "1660"]
[PlyCount "71"]
[EventDate "2004.??.??"]

1. d4 d5 2. c4 c6 3. Nc3 Nf6 4. Nf3 g6 5. cxd5 cxd5 6. Qb3 Bg7 7. g3 O-O 8. Bg2
Nbd7 9. O-O e6 10. Bg5 Qb6 11. Qc2 Ne4 12. Nxe4 dxe4 13. Qxe4 Qxb2 14. Rfb1 Qa3
15. Qh4 Qa5 16. Bh6 Qh5 17. Qxh5 gxh5 18. Bxg7 Kxg7 19. Rb5 Kg6 20. Nh4+ Kh6
21. Bxb7 Rb8 22. Rab1 Nb6 23. Bf3 f5 24. Ng2 Ba6 25. R5b4 Kg6 26. Nf4+ Kf6 27.
Nxh5+ Ke7 28. Nf4 Nd7 29. e3 Bc4 30. a3 a5 31. Rxb8 Rxb8 32. Rxb8 Nxb8 33. Be2
Bb3 34. Bb5 Nd7 35. Nd3 Kd6 36. Bxd7 1-0

[Event "3eme Open International de La Fere"]
[Site "La Fere (FRA)"]
[Date "2004.??.??"]
[Round "3.45"]
[White "Casier, Fabrice"]
[Black "Soriano, Jean-Claude"]
[Result "0-1"]
[WhiteElo "1810"]
[BlackElo "1560"]
[PlyCount "60"]
[EventDate "2004.??.??"]

1. c4 e6 2. Nc3 d5 3. e3 Nf6 4. Nf3 c6 5. Be2 Bd6 6. O-O O-O 7. d4 Re8 8. c5
Bc7 9. b4 e5 10. dxe5 Bxe5 11. Nxe5 Rxe5 12. Bb2 Re8 13. Qc2 Be6 14. Rad1 Nbd7
15. e4 dxe4 16. Nxe4 Nxe4 17. Qxe4 Bd5 18. Qg4 Nf6 19. Bxf6 Qxf6 20. Bc4 Re4
21. Qd7 Rxc4 22. Rfe1 Qd8 23. Qxb7 Qb8 24. Qd7 Rxb4 25. Re7 Rb1 26. Rde1 Rxe1+
27. Rxe1 Qc8 28. Qe7 Bxa2 29. Rd1 Bd5 30. Re1 a5 0-1

[Event "3eme Open International de La Fere"]
[Site "La Fere (FRA)"]
[Date "2004.??.??"]
[Round "3.46"]
[White "Lambert, Georges"]
[Black "Lapersonne, Patrick"]
[Result "0-1"]
[WhiteElo "1810"]
[BlackElo "1490"]
[PlyCount "98"]
[EventDate "2004.??.??"]

1. c4 e5 2. Nc3 Nf6 3. g3 c6 4. Bg2 d5 5. cxd5 cxd5 6. d4 e4 7. f3 Bb4 8. a3
Bxc3+ 9. bxc3 O-O 10. e3 Re8 11. f4 Nc6 12. Ne2 Na5 13. O-O Nc4 14. Rb1 Ng4 15.
Re1 Ngxe3 16. Bxe3 Nxe3 17. Qb3 Nxg2 18. Kxg2 b6 19. Ng1 Bb7 20. Re3 Rc8 21.
Ne2 Rc4 22. a4 Bc6 23. Ra1 Qc7 24. Ra3 Rb8 25. Qa2 a5 26. Nc1 Ra8 27. Nb3 Qd7
28. Nd2 Rxa4 29. Rxa4 Bxa4 30. c4 Rc8 31. Rc3 Bc6 32. c5 b5 33. Qxa5 Ra8 34.
Qb4 Ra4 35. Qb2 Rxd4 36. Re3 Rd3 37. Rxd3 exd3 38. Qe5 h6 39. Qd4 Qf5 40. h3 h5
41. Kh2 Bd7 42. g4 hxg4 43. Qe5 g3+ 44. Kxg3 Qxh3+ 45. Kf2 Qh2+ 46. Kf3 Qxd2
47. Qxd5 Qe2+ 48. Kg3 d2 49. Qxd7 d1=Q 0-1

[Event "3eme Open International de La Fere"]
[Site "La Fere (FRA)"]
[Date "2004.??.??"]
[Round "3.49"]
[White "Vinckier, Delphine"]
[Black "Lonnoy, Remi"]
[Result "1-0"]
[WhiteElo "1560"]
[BlackElo "2025"]
[PlyCount "52"]
[EventDate "2004.??.??"]

1. e4 c5 2. Nc3 Nc6 3. Nf3 d6 4. d4 cxd4 5. Nxd4 a6 6. Bc4 e6 7. O-O Nf6 8. Re1
e5 9. Nxc6 bxc6 10. h3 Be7 11. Qf3 O-O 12. Bg5 Be6 13. Bb3 Qc7 14. Rad1 Ne8 15.
Be3 Qb7 16. Qg3 Rd8 17. f4 Bxb3 18. axb3 exf4 19. Bxf4 d5 20. exd5 cxd5 21.
Nxd5 Bc5+ 22. Ne3 Rxd1 23. Rxd1 Qe4 24. Rd2 Nc7 25. Kh2 Ne6 26. Nd5 Nxf4 1-0

[Event "3eme Open International de La Fere"]
[Site "La Fere (FRA)"]
[Date "2004.??.??"]
[Round "4.1"]
[White "Karpatchev, Aleksandr"]
[Black "Dobrev, Nanko"]
[Result "1-0"]
[WhiteElo "2463"]
[BlackElo "2415"]
[PlyCount "89"]
[EventDate "2004.??.??"]

1. e4 e5 2. Nf3 Nc6 3. Bc4 Bc5 4. O-O Nf6 5. d4 Bxd4 6. Nxd4 Nxd4 7. Bg5 d6 8.
f4 Ne6 9. fxe5 Nxg5 10. exf6 Be6 11. Bxe6 Nxe6 12. Qh5 Qd7 13. fxg7 Rg8 14.
Qxh7 O-O-O 15. Qf5 Rxg7 16. Nc3 Kb8 17. Rad1 Qc6 18. Qb5 Rdg8 19. g3 Nd8 20.
Qxc6 Nxc6 21. Nd5 Rh8 22. Nf6 Ne5 23. b3 Kc8 24. Rf5 Rh6 25. Kg2 Rgg6 26. Rdf1
Kd8 27. h3 Rh8 28. Rd1 Kc8 29. g4 Rhh6 30. Rh5 Rxh5 31. Nxh5 Rh6 32. Nf4 Kd7
33. Kg3 Rh8 34. Rf1 a5 35. Nd3 Ke6 36. Nxe5 dxe5 37. g5 a4 38. h4 Rd8 39. h5
Rd2 40. h6 Rd8 41. Kg4 axb3 42. axb3 Ke7 43. Rf3 Rg8 44. Kh5 Rd8 45. h7 1-0

[Event "3eme Open International de La Fere"]
[Site "La Fere (FRA)"]
[Date "2004.??.??"]
[Round "4.3"]
[White "Malakhatko, Vadim"]
[Black "Gharamian, Tigran"]
[Result "1-0"]
[WhiteElo "2555"]
[BlackElo "2398"]
[PlyCount "75"]
[EventDate "2004.??.??"]

1. d4 Nf6 2. c4 c5 3. d5 b5 4. cxb5 a6 5. bxa6 g6 6. Nc3 Bxa6 7. g3 d6 8. Bg2
Bg7 9. Nf3 Nbd7 10. Rb1 O-O 11. b3 Nb6 12. O-O Ne8 13. Bb2 Nc7 14. Qd2 Bxc3 15.
Bxc3 f6 16. Nh4 Qd7 17. f4 Bb7 18. e4 Ra3 19. f5 g5 20. Nf3 Nb5 21. Ba1 Rfa8
22. Nxg5 Qe8 23. Ne6 Bc8 24. Rf2 Bxe6 25. dxe6 Rxa2 26. Qxa2 Rxa2 27. Rxa2 Nd4
28. Bxd4 cxd4 29. Rd2 Qc8 30. Rxd4 Qc2 31. Rdd1 Kg7 32. h3 Nc8 33. Kh2 Na7 34.
Rdc1 Qd3 35. Rc7 Nb5 36. Rxe7+ Kh6 37. Rf1 Nd4 38. Rf4 1-0

[Event "3eme Open International de La Fere"]
[Site "La Fere (FRA)"]
[Date "2004.??.??"]
[Round "4.5"]
[White "Afek, Yochanan"]
[Black "Meijers, Viesturs"]
[Result "1-0"]
[WhiteElo "2325"]
[BlackElo "2477"]
[PlyCount "87"]
[EventDate "2004.??.??"]

1. e4 c5 2. Nf3 e6 3. c3 d5 4. exd5 Qxd5 5. d4 Nf6 6. Be2 Be7 7. O-O O-O 8. Ne5
cxd4 9. cxd4 Qd8 10. Nc3 Nc6 11. Be3 Nb4 12. Rc1 Nbd5 13. Bd3 a6 14. Qf3 Bd7
15. Qh3 g6 16. Bh6 Re8 17. Qf3 Rc8 18. Ne4 Bc6 19. Bg5 Nxe4 20. Qxf7+ Kh8 21.
Bxe7 Rxe7 22. Bxe4 Qb6 23. Qf3 Kg7 24. Qa3 Rec7 25. Rc5 Bb5 26. Rfc1 Rxc5 27.
Rxc5 Rxc5 28. Qxc5 Qa5 29. Qc1 Nf4 30. Bf3 Bc6 31. h4 Nd5 32. Bxd5 Qxd5 33. Qg5
Kg8 34. h5 a5 35. hxg6 h6 36. Qg4 Qxa2 37. Qf4 Qb1+ 38. Kh2 Qf5 39. Qxh6 Qf6
40. Nxc6 bxc6 41. Qh7+ Kf8 42. g7+ Qxg7 43. Qxg7+ Kxg7 44. Kg3 1-0

[Event "3eme Open International de La Fere"]
[Site "La Fere (FRA)"]
[Date "2004.??.??"]
[Round "4.8"]
[White "Soriano, Jean-Claude"]
[Black "Bratanov, Zsivko"]
[Result "0-1"]
[WhiteElo "1560"]
[BlackElo "2432"]
[PlyCount "78"]
[EventDate "2004.??.??"]

1. d4 d5 2. Nf3 Nf6 3. c4 c6 4. cxd5 cxd5 5. Nc3 Nc6 6. Bf4 a6 7. e3 Bg4 8. Be2
e6 9. a3 Bd6 10. Bxd6 Qxd6 11. b4 O-O 12. O-O b5 13. Rc1 Nd7 14. Re1 Nb6 15.
Nd2 Bxe2 16. Rxe2 Rfb8 17. Nb3 Nc4 18. Ra2 g6 19. Nc5 h5 20. h4 Kg7 21. g3 Ne7
22. Qf3 a5 23. Qf4 Qxf4 24. exf4 Nc6 25. Rd1 axb4 26. axb4 Rxa2 27. Nxa2 Ra8
28. Nc3 Nd6 29. Rb1 Nxd4 30. Rd1 Nc6 31. Nxd5 exd5 32. Rxd5 Nf5 33. Ne4 Ncd4
34. Rd7 Re8 35. Nd6 Nxd6 36. Rxd6 Nc2 37. Rb6 Na3 38. Ra6 Nc4 39. Ra7 Re1+ 0-1

[Event "3eme Open International de La Fere"]
[Site "La Fere (FRA)"]
[Date "2004.??.??"]
[Round "4.9"]
[White "Lapersonne, Patrick"]
[Black "Szabo, Gergely-Andras-Gyul"]
[Result "0-1"]
[WhiteElo "1490"]
[BlackElo "2422"]
[PlyCount "54"]
[EventDate "2004.??.??"]

1. Nf3 Nf6 2. g3 g6 3. Bg2 Bg7 4. O-O O-O 5. Re1 d6 6. e4 c5 7. Nc3 Nc6 8. d4
Bg4 9. e5 dxe5 10. dxe5 Nd7 11. Qd5 e6 12. Qe4 Bxf3 13. Bxf3 Ndxe5 14. Bf4
Nxf3+ 15. Qxf3 Nd4 16. Qxb7 Nxc2 17. Red1 Qb6 18. Qxb6 axb6 19. Rac1 Nd4 20.
Kg2 b5 21. Bd6 Rfc8 22. Ne4 c4 23. Nc3 Rc6 24. Bf4 b4 25. Be3 bxc3 26. Bxd4
Bxd4 27. Rxd4 cxb2 0-1

[Event "3eme Open International de La Fere"]
[Site "La Fere (FRA)"]
[Date "2004.??.??"]
[Round "4.10"]
[White "Benitah, Yohan"]
[Black "Benoit, Sebastien"]
[Result "1-0"]
[WhiteElo "2408"]
[BlackElo "1660"]
[PlyCount "47"]
[EventDate "2004.??.??"]

1. d4 d5 2. c4 e5 3. dxe5 d4 4. Nf3 Bc5 5. g3 Nc6 6. Bg2 a5 7. O-O Nge7 8. Nbd2
Ba7 9. a3 Ng6 10. Qc2 O-O 11. Rd1 Ngxe5 12. Nxe5 Nxe5 13. Ne4 c5 14. Bf4 f6 15.
h4 h5 16. Bxe5 fxe5 17. Ng5 Bf5 18. Qb3 Qf6 19. Qxb7 e4 20. Qd5+ Kh8 21. Bxe4
Be6 22. Nxe6 Qxf2+ 23. Kh1 Qxe2 24. Nf4 1-0

[Event "3eme Open International de La Fere"]
[Site "La Fere (FRA)"]
[Date "2004.??.??"]
[Round "4.11"]
[White "Symoens, David"]
[Black "Van Der Weide, Karel"]
[Result "0-1"]
[WhiteElo "1720"]
[BlackElo "2471"]
[PlyCount "100"]

1. e4 c5 2. Nf3 Nc6 3. d4 cxd4 4. Nxd4 Nf6 5. Nc3 d6 6. Ndb5 a6 7. Na3 e6 8.
Bg5 b5 9. Ne2 Bb7 10. Ng3 h6 11. Bf4 d5 12. Nb1 dxe4 13. Nd2 Nd5 14. Be3 Nxe3
15. fxe3 Qg5 16. Qe2 f5 17. O-O-O Bc5 18. Kb1 O-O-O 19. a4 Qxe3 20. axb5 axb5
21. Qxb5 Bb4 22. Bc4 Bxd2 23. Bxe6+ Kc7 24. Bxf5 Qb6 25. Qxb6+ Kxb6 26. Bxe4
Bf4 27. Nf5 Be5 28. Ne3 Ka7 29. h3 Kb8 30. Nc4 Bc7 31. Nd2 Rhe8 32. Bf3 Nd4 33.
Bxb7 Kxb7 34. Nc4 Re2 35. c3 Nc6 36. g4 Rxd1+ 37. Rxd1 Ne5 38. Nxe5 Bxe5 39.
Rd3 Kc6 40. Ka2 Kc5 41. Kb3 Bf6 42. Rf3 Kd5 43. Rf5+ Ke4 44. Ka3 Rh2 45. Rh5
Bg5 46. b4 g6 47. Rxg5 hxg5 48. b5 Kd5 49. Kb4 Rb2+ 50. Ka5 Kc5 0-1

[Event "3eme Open International de La Fere"]
[Site "La Fere (FRA)"]
[Date "2004.??.??"]
[Round "4.12"]
[White "Diener, Jean-Denis"]
[Black "Gaponenko, Inna"]
[Result "0-1"]
[WhiteElo "1690"]
[BlackElo "2448"]
[PlyCount "91"]
[EventDate "2004.??.??"]

1. d4 d5 2. c4 e6 3. Nc3 Nf6 4. Bg5 Be7 5. Rc1 O-O 6. e3 b6 7. cxd5 exd5 8. Nf3
Bb7 9. Bd3 Nbd7 10. Qc2 a6 11. O-O Re8 12. Rfe1 Ne4 13. Bxe7 Rxe7 14. Nd2 Ndf6
15. f3 Ng5 16. Nf1 Qd6 17. Qf2 Rae8 18. Rc2 c5 19. Ng3 g6 20. Rce2 cxd4 21.
exd4 Ne6 22. Rd2 h5 23. Nge2 b5 24. a3 Nd7 25. Bc2 Nb6 26. Bb3 Bc6 27. Red1 a5
28. Ba2 b4 29. Nb1 Ba4 30. b3 Bb5 31. a4 Ba6 32. Rc2 Nc8 33. Rdc1 Na7 34. Rd2
Bxe2 35. Rxe2 Nc6 36. Rd1 Nexd4 37. Red2 Ne2+ 38. Kh1 Nc3 39. Nxc3 bxc3 40. Rc2
Nb4 41. Rxc3 Nxa2 42. Rc5 Qxc5 43. Qxc5 Re1+ 44. Rxe1 Rxe1+ 45. Qg1 Rxg1+ 46.
Kxg1 0-1

[Event "3eme Open International de La Fere"]
[Site "La Fere (FRA)"]
[Date "2004.??.??"]
[Round "4.13"]
[White "Lambrescak, Philippe"]
[Black "Sebe-Vodislav, Razvan-Alexandru"]
[Result "0-1"]
[WhiteElo "1690"]
[BlackElo "2346"]
[PlyCount "52"]
[EventDate "2004.??.??"]

1. e4 c5 2. Nf3 d6 3. d4 cxd4 4. Nxd4 Nf6 5. Nc3 g6 6. Nf3 Nc6 7. Be2 Bg7 8.
O-O O-O 9. Re1 a6 10. a3 b5 11. Nd4 Nxd4 12. Qxd4 Bb7 13. Bf3 Nxe4 14. Qe3 Bxc3
15. bxc3 d5 16. Qd4 f6 17. Bb2 e5 18. Qb4 Rc8 19. Bxe4 Rc4 20. Qb3 dxe4 21. Qa2
e3 22. Rad1 exf2+ 23. Kxf2 Qb6+ 24. Kf1 Kh8 25. g3 Qc6 26. Ke2 Qg2+ 0-1

[Event "3eme Open International de La Fere"]
[Site "La Fere (FRA)"]
[Date "2004.??.??"]
[Round "4.14"]
[White "Dumenil, Jean-Francois"]
[Black "Quillan, Gary"]
[Result "0-1"]
[WhiteElo "1670"]
[BlackElo "2323"]
[PlyCount "62"]
[EventDate "2004.??.??"]

1. d4 e6 2. c4 Nf6 3. Nc3 c5 4. d5 exd5 5. cxd5 d6 6. e4 g6 7. Bd3 Bg7 8. Nge2
a6 9. a4 O-O 10. O-O Re8 11. Bf4 Qc7 12. Bg3 Nbd7 13. f4 Rb8 14. Rb1 c4 15. Bc2
b5 16. axb5 axb5 17. Qd2 b4 18. Nd1 b3 19. Bxb3 Nxe4 20. Qe1 Nxg3 21. hxg3 Rxb3
22. Qd2 Nc5 23. Ndc3 Bf5 24. Nd4 Bxb1 25. Rxb1 Qb6 26. Kh2 Rxc3 27. Qxc3 Ne4
28. Qxc4 Qxd4 29. Qc6 Nf6 30. Kh3 Qd3 31. Ra1 Qf5+ 0-1

[Event "3eme Open International de La Fere"]
[Site "La Fere (FRA)"]
[Date "2004.??.??"]
[Round "4.15"]
[White "Visser, Henk-Jan"]
[Black "Dagnicourt, Francis"]
[Result "1/2-1/2"]
[WhiteElo "2243"]
[BlackElo "1690"]
[PlyCount "65"]
[EventDate "2004.??.??"]

1. d4 Nf6 2. c4 g6 3. Nc3 Bg7 4. e4 d6 5. Be2 O-O 6. Nf3 c5 7. d5 Nbd7 8. O-O
Nh5 9. Be3 Ne5 10. Nxe5 Bxe5 11. Bxh5 gxh5 12. Qxh5 Kh8 13. Rad1 Rg8 14. h3 Rg6
15. Kh1 Qa5 16. Rc1 Bd7 17. Qe2 Rag8 18. Rg1 b5 19. cxb5 Bxc3 20. bxc3 Bxb5 21.
c4 Bd7 22. Bd2 Qa3 23. Bc3+ f6 24. Bb2 Qa6 25. Rb1 Qc8 26. Kh2 Bxh3 27. g3 Rh6
28. Qe3 Rh5 29. Rg2 Bxg2+ 30. Kxg2 Qh3+ 31. Kf3 Qg4+ 32. Kg2 Qh3+ 33. Kf3
1/2-1/2

[Event "3eme Open International de La Fere"]
[Site "La Fere (FRA)"]
[Date "2004.??.??"]
[Round "4.16"]
[White "Wlodarczyk, Antoine"]
[Black "Laurent, Julien G"]
[Result "0-1"]
[WhiteElo "1640"]
[BlackElo "2212"]
[PlyCount "90"]
[EventDate "2004.??.??"]

1. d4 c5 2. d5 e6 3. c4 exd5 4. cxd5 d6 5. e4 Be7 6. Nc3 Bf6 7. Bf4 a6 8. a4
Ne7 9. Bd3 O-O 10. Nf3 Ng6 11. Bg3 Bg4 12. O-O Qc7 13. h3 Bxf3 14. Qxf3 Nd7 15.
Qe2 Bd4 16. Kh1 Rfe8 17. Qc2 Rab8 18. Rac1 Be5 19. f4 Bf6 20. Nd1 b5 21. Ne3
Qb6 22. Ng4 c4 23. Be2 Qd4 24. Nxf6+ Nxf6 25. f5 Nxe4 26. Be1 Nf8 27. Bf3 Nd7
28. Rd1 Qe5 29. Bxe4 Qxe4 30. Qf2 Qe2 31. Bb4 Qxf2 32. Rxf2 Nf6 33. Re1 Rxe1+
34. Bxe1 Re8 35. Bb4 Ne4 36. Rf4 Re5 37. Kg1 Kf8 38. g4 Ke7 39. Kg2 Nf6 40. Bc3
Re2+ 41. Kf3 Nxd5 42. f6+ gxf6 43. Bxf6+ Ke6 44. Kxe2 Nxf4+ 45. Ke3 Kxf6 0-1